Statistics for World Coats of Arms

Click here to take the quiz!

General Stats

  • This quiz has been taken 1,403 times
    (270 since last reset)
  • The average score is 120 of 196

Answer Stats

Answer% Correct
United States
98%
Australia
90%
Italy
90%
Iceland
89%
China
89%
Mexico
87%
Spain
87%
Turkey
87%
Portugal
86%
South Korea
86%
Paraguay
85%
Brazil
85%
Vietnam
85%
Germany
85%
Switzerland
85%
Iraq
85%
Niger
85%
Philippines
84%
Madagascar
84%
Egypt
84%
Austria
83%
Afghanistan
83%
United Kingdom
83%
Greece
82%
Argentina
82%
Ireland
81%
Iran
81%
New Zealand
81%
Canada
80%
Albania
80%
Russia
80%
Croatia
79%
Slovakia
78%
North Korea
78%
India
78%
Israel
78%
Belgium
78%
Bosnia and Herzegovina
77%
Syria
77%
Kazakhstan
76%
Somalia
76%
Bolivia
76%
France
76%
Taiwan
76%
United Arab Emirates
76%
Kenya
76%
Nepal
76%
Nicaragua
76%
Belarus
75%
Morocco
75%
Qatar
75%
Poland
74%
Japan
74%
Lebanon
74%
Mali
74%
Hungary
74%
Ecuador
73%
Kosovo
73%
Singapore
73%
Malta
73%
Dominican Republic
73%
Slovenia
73%
Pakistan
72%
Panama
72%
Colombia
72%
El Salvador
72%
Thailand
72%
Sri Lanka
71%
Vatican City
70%
Ethiopia
70%
Serbia
70%
Mongolia
70%
Ukraine
70%
Haiti
69%
Myanmar
69%
Cameroon
69%
Mozambique
69%
South Sudan
69%
Angola
69%
Eritrea
69%
Uzbekistan
68%
Mauritania
68%
Uruguay
68%
Peru
67%
Andorra
67%
Saudi Arabia
67%
Costa Rica
67%
Tunisia
66%
Bahrain
66%
Liberia
66%
Samoa
65%
Venezuela
65%
Turkmenistan
65%
Yemen
65%
Cabo Verde
64%
Laos
64%
Honduras
64%
Moldova
64%
Micronesia
64%
Congo
64%
Tanzania
64%
Togo
63%
San Marino
62%
Maldives
62%
Palau
62%
Namibia
62%
Zambia
62%
Burkina Faso
62%
Central African Republic
61%
Sweden
61%
Finland
61%
Belize
60%
Kuwait
60%
Norway
60%
Kiribati
60%
Cote d'Ivoire
60%
Oman
60%
Timor-Leste
60%
Romania
59%
Netherlands
58%
Comoros
58%
Tuvalu
58%
Algeria
58%
Lithuania
58%
Malaysia
58%
Jordan
57%
Rwanda
57%
Georgia
57%
Chile
57%
Tajikistan
56%
Czechia
56%
Guatemala
56%
Bulgaria
55%
Marshall Islands
54%
Montenegro
53%
Denmark
53%
Monaco
53%
Nauru
53%
DR Congo
53%
Tonga
52%
Indonesia
52%
Kyrgyzstan
51%
Brunei
51%
Guinea
50%
Bhutan
50%
Cyprus
49%
Zimbabwe
49%
Luxembourg
49%
Cambodia
49%
Estonia
49%
Fiji
49%
Botswana
48%
Dominica
47%
Azerbaijan
47%
Sudan
47%
Eswatini
47%
Equatorial Guinea
46%
Sao Tome and Principe
44%
Ghana
44%
South Africa
44%
Liechtenstein
44%
Papua New Guinea
43%
Libya
42%
Bahamas
42%
Cuba
42%
Jamaica
42%
Latvia
42%
Armenia
39%
Nigeria
38%
Gabon
38%
Senegal
37%
Chad
36%
Uganda
36%
Trinidad and Tobago
36%
Mauritius
35%
North Macedonia
35%
Guinea-Bissau
34%
Lesotho
34%
Djibouti
33%
Bangladesh
33%
Antigua and Barbuda
31%
Burundi
31%
Vanuatu
31%
Malawi
30%
Saint Vincent and the Grenadines
30%
Grenada
28%
Barbados
26%
Solomon Islands
26%
Seychelles
26%
Guyana
26%
Suriname
25%
Saint Lucia
24%
Sierra Leone
24%
Saint Kitts and Nevis
23%
Benin
22%
Gambia
21%

Score Distribution

Percentile by Number Answered

Percent of People with Each Score

Your Score History

You have not taken this quiz since the last reset